000 00899nam a2200265Ia 4500
003 IN-BaIIA
008 211028s9999 xx s 000 0 eng d
020 _a978-1-4614-0148-3 (Print)
020 _a978-1-4614-0149-0 (Online)
022 _a0067-0057 (Print)
022 _a2214-7985 (Online)
040 _cIIA Library
100 _aAndersen, Torben
_938967
245 0 _aIntegrated Modeling of Telescopes
_h[eBook]
260 _aNew York
_bSpringer New York
_c2011
300 _aOnline resource
490 _aAstrophysics and Space Science Library
650 _a Astronomy, Astrophysics and Cosmology
_936176
650 _a Astronomy, Observations and Techniques
_932107
650 _a Astrophysics and Astroparticles
_918344
650 _aPhysics
_973
700 _aEnmark, Anita
_938968
856 _uhttp://doi.org/10.1007/978-1-4614-0149-0
_yClick Here to Access eBook
942 _cEB
999 _c21013
_d21013